Central Library OPAC University of Rajshahi

جادہ ومنزل ;jadah wamazil / (Record no. 86411)

MARC details
000 -LEADER
fixed length control field 00549nam a22001937a 4500
001 - CONTROL NUMBER
control field 86411
003 - CONTROL NUMBER IDENTIFIER
rucl marc code BD-RjUL
005 - DATE AND TIME OF LATEST TRANSACTION
control field 20260503121518.0
008 - FIXED-LENGTH DATA ELEMENTS--GENERAL INFORMATION
fixed length control field 260503s1968 pk ||||| |||| 00| 0 urd d
035 ## - SYSTEM CONTROL NUMBER
System control number (BD-RjUL) 86411
040 ## - CATALOGING SOURCE
Original cataloging agency BD-RjUL
Language of cataloging eng
Transcribing agency BD-RjUL
041 ## - LANGUAGE CODE
Language code of text/sound track or separate title urd
082 ## - DEWEY DECIMAL CLASSIFICATION NUMBER
Edition number 23
Classification number 297.09
Author mark and year SHJ 1968
100 ## - MAIN ENTRY--PERSONAL NAME
Personal name شہید، سید قطب ;; Shaheed, Syed Qutb
9 (RLIN) 18287
245 ## - TITLE STATEMENT
Title جادہ ومنزل ;jadah wamazil /
Statement of responsibility, etc. سید قطب شہید ;; Syed Qutb Shaheed
300 ## - PHYSICAL DESCRIPTION
Pagination 435 p. ;
Size 17 cm
650 ## - SUBJECT ADDED ENTRY--TOPICAL TERM
Topical term or geographic name as entry element Islam
942 ## - ADDED ENTRY ELEMENTS (KOHA)
Source of classification or shelving scheme Dewey Decimal Classification
Koha item type Books
Holdings
Lost status Source of classification or shelving scheme Damaged status Not for loan Collection code Permanent Location Current Location Shelving location Date acquired Total Checkouts Full call number Date last seen Copy number Koha item type
  Dewey Decimal Classification   Not For Loan Non-fiction Central Library, University of Rajshahi Central Library, University of Rajshahi Reading Room 03/05/2026   U 297.09 SHJ 1968 03/05/2026 C-1 Books